Komentár k zákonu o DPH

Osobitná úprava uplatňovania dane pre cestovné kancelárie a cestovné agentúry, pri umeleckých dielach, zberateľských predmetoch, starožitnostiach, pri investičnom zlate, pre nezaložené osoby, ktoré elektronicky dodávajú služby. Osoby povinné platiť daň správcovi dane. Daňový zástupca pri dovoze tova...

Descrizione completa

Salvato in:
Dettagli Bibliografici
Autore principale: Ondreášová, Zuzana
Natura: Capitolo di libro
Lingua:slovacco
Soggetti:
Tags: Aggiungi Tag
Nessun Tag, puoi essere il primo ad aggiungerne!!

MARC

LEADER 00000naa$a2200000$$$4500
001 0037742
005 20231106071707.4
041 0 |a slo 
044 |a SK 
245 1 0 |a Komentár k zákonu o DPH  |c Zuzana Ondreášová 
520 |a Osobitná úprava uplatňovania dane pre cestovné kancelárie a cestovné agentúry, pri umeleckých dielach, zberateľských predmetoch, starožitnostiach, pri investičnom zlate, pre nezaložené osoby, ktoré elektronicky dodávajú služby. Osoby povinné platiť daň správcovi dane. Daňový zástupca pri dovoze tovaru. Komentár k jednotlivým paragrafom. 
610 2 0 |a dane z hodnoty pridanej 
610 2 0 |a zákony 
610 2 0 |a komentáre 
100 1 |a Ondreášová, Zuzana